000 01051nam a2200241Ia 4500
003 Ost
005 20260507075041.0
008 260507s9999||||xx |||||||||||||| ||und||
020 _a9957061380
040 _cfsecg
041 _aara
082 _a330
100 _aإلياس، سراب
_eمؤلف
245 0 _aتسويق الخدمات السياحية /
_c سراب إلياس
260 _aعمان:
_bدار المسيرة للنشر,
_c2002
300 _a196 صفحة؛
_bإيضاحات ؛
_c24 سم
490 _aالسياحة والفندقة
_v6
520 _aالخدمات السياحية،العوامل المؤثرة في تسويق الخدمات السياحية، مستهلك الخدمات السياحية، العاملون في تسويق الخدمات السياحية، جودة الخدمة وإرضاء العملاء، دراسة حالة تسويقية
653 _aالتسويق
653 _aالسياحة
700 _aالديماسي، محمود وآخرون
_eمؤلف ثانوي
942 _cكتاب
999 _c42512
_d42512